| 000 | 01272nam a2200337 a 4500 | ||
|---|---|---|---|
| 001 | 25968 | ||
| 003 | CO-ViMGA | ||
| 005 | 20230915232141.0 | ||
| 006 | bimo0001765603 | ||
| 008 | 141112s2004 ck r 000 u spa d | ||
| 016 | _abimoBNE20020227955 SpMaBN | ||
| 017 | _aB 3237 - 2002 Oficina Depósito Legal Barcelona | ||
| 020 | _a8423418634 | ||
| 035 | _a(OCoLC)51656904 | ||
| 040 |
_aCO-ViMGA _bspa _cCO-ViMGA |
||
| 041 |
_aspa _beng |
||
| 080 | _a658.012.4 | ||
| 082 | 0 | 4 | _a658.4092 B25f |
| 130 |
_aThe future of leadership Español _940522 |
||
| 245 | 1 | 0 |
_aEl futuro del liderazgo : _blos pensadores más brillantes de hoy escriben para los directores de mañana / _cWarren Bennis, Gretchen M. Spreitzer, Thomas G. Cummings, editores ; traducción, Rafael Jiménez Larrea |
| 260 | _aBilbao Deusto [2002] | ||
| 300 | _a328 p. 24 cm | ||
| 504 | _aBibliografía : p. [301] - 307. Índice | ||
| 594 | _aTraducción de : The future of leadership | ||
| 650 | 1 | 4 |
_aLiderazgo - Manuales _940523 |
| 700 | 1 |
_aBennis, Warren G. 1925 - _940524 |
|
| 926 | _aBNALCALA SG_PETANTI 12/112732 FONDO_MODE 1 | ||
| 942 |
_2ddc _cBK |
||
| 956 | _a2 | ||
| 980 | _a017. B 3237 - 2002 020. 84 - 234 - 1863 - 4 852. 40 M - BN BNALCALA MO03682609 12/112732 DG ALCALA | ||
| 999 |
_c33204 _d33204 |
||